Rozpoznaj polskie kluby piłkarskie po herbie - Statystyki

Ogólne statystyki
  • Ten quiz został rozwiązany 685 razy
    559 od ostatniego zresetowania
  • Średni wynik to 44 z 112
Statystyki odpowiedzi
Obrazkowy Odpowiedź % Poprawnych
Arka Gdynia
98%
Cracovia
89%
Lech Poznań
88%
Legia Warszawa
88%
Górnik Zabrze
87%
Jagiellonia Białystok
86%
Korona Kielce
86%
GKS Katowice
85%
Lechia Gdańsk
84%
Motor Lublin
84%
Piast Gliwice
84%
Pogoń Szczecin
84%
Raków Częstochowa
84%
Widzew Łódź
82%
ŁKS Łódź
79%
Ruch Chorzów
77%
Zagłębie Lubin
77%
GKS Tychy
76%
Wisła Kraków
75%
Polonia Warszawa
74%
Radomiak Radom
74%
Śląsk Wrocław
74%
Stal Mielec
74%
Miedź Legnica
73%
Wisła Płock
73%
Puszcza Niepołomice
72%
Odra Opole
69%
Znicz Pruszków
69%
Wieczysta Kraków
68%
Górnik Łęczna
66%
Polonia Bytom
65%
Bruk-Bet Termalica Nieciecza
64%
Warta Poznań
64%
Chrobry Głogów
63%
Stal Rzeszów
63%
Pogoń Siedlce
58%
Zagłębie Sosnowiec
58%
Podbeskidzie Bielsko-Biała
55%
Sandecja Nowy Sącz
54%
GKS Jastrzębie
53%
Zawisza Bydgoszcz
52%
Chojniczanka
51%
Pogoń Grodzisk Mazowiecki
51%
Elana Toruń
50%
Resovia Rzeszów
49%
Hutnik Kraków
48%
GKS Bełchatów
45%
KKS Kalisz
43%
Stal Stalowa Wola
43%
Olimpia Grudziądz
42%
Rekord Bielsko-Biała
42%
Olimpia Elbląg
39%
Podhale Nowy Targ
36%
Świt Szczecin
36%
Avia Świdnik
35%
KSZO Ostrowiec
31%
Siarka Tarnobrzeg
31%
Wigry Suwałki
31%
Unia Skierniewice
30%
Skra Częstochowa
29%
Sokół Kleczew
29%
ŁKS Łomża
27%
Broń Radom
26%
Flota Świnoujście
26%
Chełmianka Chełm
24%
Wisłoka Dębica
22%
Lechia Tomaszów Mazowiecki
21%
GKS Wikielec
19%
Górnik Polkowice
18%
Lechia Zielona Góra
17%
Naprzód Jędrzejów
16%
Polonia Środa Wielkopolska
16%
Sparta Katowice
16%
Błękitni Stargard
14%
Karkonosze Jelenia Góra
14%
MKS Kluczbork
14%
Ślęza Wrocław
14%
Świt Nowy Dwór
14%
Cartusia Kartuzy
13%
Mławianka Mława
13%
Star Starachowice
13%
Ząbkovia Ząbki
13%
Unia Swarzędz
10%
Victoria Września
10%
Warta Gorzów
10%
Warta Sieradz
10%
Czarni Połaniec
9%
Wybrzeże Rewalskie
9%
Carina Gubin
8%
KS Wasilków
8%
Świdniczanka Świdnik
8%
Wda Świecie
8%
Wikęd Luzino
8%
Wiślanie Skawina
8%
KS Goczałkowice Zdrój
7%
Podlasie Biała Podlaska
7%
Stal Kraśnik
7%
Noteć Czarnków
6%
Polonia Nysa
6%
Znicz Biała Piska
6%
Kluczevia Stargard
5%
KS Troszyn
5%
Lipno Stęszew
5%
Pogoń Nowe Skalmierzyce
5%
Pogoń - Sokół Lubaczów
5%
Sokół Kolbuszowa Dolna
5%
Stal Jasień
5%
Tłuchovia Tłuchowo
5%
Sparta Kazimierza Wielka
4%
Starowice Dolne
4%
Pniówek-74 Pawłowice
3%
Słowianin Wolibórz
2%
Nie znaleziono quizów pasujących do podanych kryteriów
Rozkład punktacji
Procent ludzi z każdym wynikiem
Percentyl według liczby udzielonych odpowiedzi
Twoja historia wyników
Nie rozwiązałeś tego quizu od ostatniego zresetowania